Artists from Europe - Statistics

General Stats
  • This quiz has been taken 14 times
  • The average score is 11 of 20
Answer Stats
Hint Answer % Correct
Claude Monet France
100%
Leonardo da Vinci Italy
100%
Vincent van Gogh Netherlands
92%
Pablo Picasso Spain
92%
J.M.W. Turner UK
92%
Δομίνικος Θεοτοκόπουλος Greece
77%
Albrecht Dürer Germany
69%
Edvard Munch Norway
69%
Wassily Kandinsky Russia
69%
Nicolae Grigorescu Romania
54%
René Magritte Belgium
46%
Vilhelm Hammershøi Denmark
46%
Paja Jovanović Serbia
46%
Gustav Klimt Austria
38%
Mihály Munkácsy Hungary
31%
Anders Zorn Sweden
31%
Alfons Mucha Czech Republic
23%
Tamara de Lempicka Poland
23%
Paul Klee Switzerland
23%
Akseli Gallen-Kallela Finland
15%
No matching quizzes found
Score Distribution
Percent of People with Each Score
Percentile by Number Answered
Your Score History
You have not taken this quiz